Ajoneuvon kansallisuustunnus - Kirjaimet E - K - Statistics

Yleistilastot
  • Tätä visaa on pelattu 36 kertaa
  • Keskiarvotulos 24 / 51
Vastaustilastot
Tunnus Valtio, hallintoalue % Oikein
FIN Suomi
100%
E Espanja
95%
ETH Etiopia
95%
F Ranska
95%
EST Viro
95%
IRL Irlanti
89%
IS Islanti
89%
FJI Fidži
84%
IRQ Irak
84%
KZ Kazakstan
84%
KWT Kuwait
79%
EC Ecuador
74%
ER Eritrea
74%
GUY Guyana
74%
IR Iran
74%
J Japani
74%
GB Yhdistynyt kuningaskunta
74%
GH Ghana
63%
HN Honduras
63%
IND Intia
63%
KS Kirgisia
63%
G Gabon
58%
I Italia
58%
JA Jamaika
53%
KIR Kiribati
53%
IL Israel
47%
HR Kroatia
47%
GE Georgia
42%
EAK Kenia
42%
GK Kreikka
42%
K Kambodža
37%
ET Egypti
32%
GCA Guatemala
32%
GNB/GUB Guinea-Bissau
32%
HK Hongkong
26%
HKJ Jordania
21%
FSM Mikronesia
21%
ES El Salvador
16%
GQ Päiväntasaajan Guinea
16%
GBG Guernsey
11%
GBJ Jersey
11%
GBM Mansaari
11%
EAU Uganda
11%
GBZ Gibraltar
5%
FL Liechtenstein
5%
EAZ Tansania / Sansibar
5%
EAT Tansania / Tanganjika
5%
H Unakri
5%
GBA Alderney
0%
FR Färsaaret
0%
KN Grönlanti
0%
Ehtoja vastaavia visoja ei löytynyt
Tulosjakauma
Jokaisen tuloksen saaneiden osuus
Persentiili vastausten määrän mukaan
Tuloshistoriasi
Et ole pelannut tätä visaa